000 006650000a22002050004500
005 20081031104734.0
008 081031t xxu||||| |||| 00| 0 eng d
010 _aENG-84354
020 _a8178801752
020 _c500.00 (hb)
035 _aEN-67887
082 _a150.3
100 _aSharan, A K
245 _aDictionary of psychology /
_cby A K Sharan
260 _aNew Delhi
_bRajat Publications
260 _c2005
300 _a240p
_c22cm
942 _2ddc
_cEN
_h150.3
_mSHA
999 _c17688
_d17688